[Event "79th POL-ch"]
[Site "Kruszwica POL"]
[Date "2022.05.16"]
[Round "4.2"]
[White "Wojtaszek, Radoslaw"]
[Black "Piorun, Kacper"]
[Result "1-0"]
[WhiteElo "2696"]
[BlackElo "2635"]
[EventDate "2022.05.09"]
[PlyCount "81"]

1.d4 d5 2.Nf3 Nf6 3.c4 dxc4 4.e3 Bg4 5.Bxc4 e6 6.Nc3 Nbd7 7.h3 Bh5 8.O-O 
Be7 9.e4 O-O 10.g4 Bg6 11.Qe2 h6 12.Rd1 c6 13.Bf4 Re8 14.Bd3 a5 15.a4 Bb4 
16.Rac1 Rc8 17.Bg3 Qb6 18.e5 Nd5 19.Ne4 Be7 20.h4 Bh7 21.g5 hxg5 22.Nfxg5 
Bf5 23.Nd6 Bxd6 24.Bxf5 Nf8 25.exd6 exf5 26.d7 Nxd7 27.Qh5 N7f6 28.Qxf7+ 
Kh8 29.Be5 Rf8 30.Qe6 Rce8 31.Qxf5 Qxb2 32.Re1 Qd2 33.Rcd1 Qc3 34.h5 Ne7 
35.Qb1 Qb4 36.Qd3 Ned5 37.h6 Qe7 38.Qg6 Qd7 39.Re4 Kg8 40.Bxf6 Nxf6 41.
Rxe8 1-0